Culture Générale en 10 courtes vidéos #7 - Statistiques

Statistiques générales
  • Ce quiz a été pris 94 fois
  • Le résultat moyen est 3 sur 10
Statistiques - réponses
Vidéo Question Réponse % Correct
Ville où Sophie Marceau a dévoilé un sein en public par accident ? Cannes
99%
Quel est le nom du film en deux mots anglais qui se termine par ces images ? Paranormal Activity
47%
Personnage de la mythologie grecque maudit en 7 lettres, en illustration dans cet extrait Sisyphe
41%
Cite le nom de famille d'au moins un des deux participants à ce débat (qui dégénère) dirigé par Dieudonné Soral / Conversano
35%
Dans une partie de Monopoly, à quelle case arrivez-vous après avoir fait un 5 si vous partez de la case départ dans la version française ? Gare Montparnasse
33%
Dans cet extrait de la série TV Malcolm, quelle activité Malcolm demande t-il à son père de lui apprendre à pratiquer ? Roller (ou Patin à roulettes)
31%
Spécialité culinaire suédoise en 12 lettres, à base de hareng de la Baltique qui a fermenté pendant plusieurs mois. Il se vend en conserve et son odeur est difficilement soutenable. Surströmming
18%
Extrait d'un film dont le titre est à compléter en 11 lettres (________ : Traque au sommet) Cliffhanger
16%
Quelle franchise de NFL affronte les Green Bay Packers dans ce match ? New England Patriots
15%
Qui est cette actrice ? (Surtout connue pour sa carrière de chanteuse par la suite) Chantal Goya
11%
Aucun quiz correspondant
Distribution des résultats
% des personnes avec chaque résultat
Percentile par nombre de réponses
Votre historique - résultats
Vous n’avez pas pris ce quiz